| 000 | 01968cam a2200457 a 4500 | ||
|---|---|---|---|
| 001 | 4136 | ||
| 003 | FISKH | ||
| 005 | 20240611141424.0 | ||
| 008 | 090508s2009 nyuao 000 0 eng | ||
| 010 | _a 2009928252 | ||
| 015 |
_aGBA979727 _2bnb |
||
| 016 | 7 |
_a015347511 _2Uk |
|
| 020 | _a9781603200875 (hc.) | ||
| 020 | _a1603200878 (hc.) | ||
| 035 | _a(OCoLC)ocn430507881 | ||
| 040 |
_aUKM _cUKM _dGO6 _dUPZ _dDLC _beng |
||
| 042 | _alccopycat | ||
| 050 | 0 | 0 |
_aAG243 _b.W587 2009 |
| 082 | 0 | 4 |
_a909 _222 |
| 100 | _aSullivan, Robert | ||
| 245 | 0 | 0 |
_aWonders of the world : _b50 must-see natural and man-made marvels / _c[editor, Robert Sullivan ; writer-reporter, Hildegard Anderson]. |
| 246 | 3 | _a50 must-see natural and man-made marvels | |
| 246 | 3 | _aFifty must-see natural and man-made marvels | |
| 246 | 1 | 8 | _aTime wonders of the world |
| 260 |
_aNew York : _bLife Books, _cc2009. |
||
| 300 |
_a143 pages : _bcolor illustrations ; _c36 cm. _ecolor posters |
||
| 500 | _a"Includes 7 removable vintage prints ready to be framed"--Jacket. | ||
| 500 | _a"The classic collection"--Jacket. | ||
| 520 | _aIn this deluxe new "LIFE" book, "Wonders of the World", the editors return to the sites of the original Seven Wonders and then keep right on traveling around the globe--eventually visiting in words and pictures seven-times-seven Wonders, plus one more. | ||
| 650 | 0 |
_aCuriosities and wonders _vPictorial works. |
|
| 650 | 0 |
_aHistoric buildings _vPictorial works. |
|
| 650 | 0 |
_aHistoric sites _vPictorial works. |
|
| 650 | 0 |
_aAntiquities _vPictorial works. |
|
| 650 | 0 |
_aNatural monuments _vPictorial works. |
|
| 700 | 1 |
_aSullivan, Robert, _d1953- |
|
| 700 | 1 | _aAnderson, Hildegard. | |
| 856 | 4 | 2 |
_3Publisher description _uhttp://www.loc.gov/catdir/enhancements/fy0914/2009928252-d.html |
| 906 |
_a7 _bcbc _ccopycat _d2 _encip _f20 _gy-gencatlg |
||
| 942 |
_2ddc _cBK _n0 |
||
| 999 |
_c4136 _d4136 |
||